<?xml version="1.0" encoding="UTF-8"?>
<record
    xmlns:xsi="http://www.w3.org/2001/XMLSchema-instance"
    xsi:schemaLocation="http://www.loc.gov/MARC21/slim http://www.loc.gov/standards/marcxml/schema/MARC21slim.xsd"
    xmlns="http://www.loc.gov/MARC21/slim">

  <leader>01269nam a22002777a 4500</leader>
  <controlfield tag="003">OSt</controlfield>
  <controlfield tag="005">20260330015605.0</controlfield>
  <controlfield tag="008">250408b           ||||| |||| 00| 0 eng d</controlfield>
  <datafield tag="040" ind1=" " ind2=" ">
    <subfield code="b">English.</subfield>
    <subfield code="c">CvSU-CCAT Campus Library.</subfield>
    <subfield code="e">rda.</subfield>
  </datafield>
  <datafield tag="050" ind1=" " ind2=" ">
    <subfield code="a">UM TJ1075 </subfield>
    <subfield code="b"> T75 2007</subfield>
  </datafield>
  <datafield tag="100" ind1=" " ind2=" ">
    <subfield code="a">Trias, Remar M., author.</subfield>
    <subfield code="9">16103</subfield>
  </datafield>
  <datafield tag="245" ind1=" " ind2=" ">
    <subfield code="a">Improved valve lapper: </subfield>
    <subfield code="b">A technical feasibility study /</subfield>
    <subfield code="c">Remar M. Trias, Roylan C. Delos Stantos, and Esbee B. San Miguel</subfield>
  </datafield>
  <datafield tag="260" ind1=" " ind2=" ">
    <subfield code="a">Rosario, Cavite :</subfield>
    <subfield code="b">Cavite State University-CCAT Campus,</subfield>
    <subfield code="c">2007</subfield>
  </datafield>
  <datafield tag="300" ind1=" " ind2=" ">
    <subfield code="a">ix, 25 leaves :</subfield>
    <subfield code="b">illustrations ;</subfield>
    <subfield code="c">28 cm</subfield>
  </datafield>
  <datafield tag="500" ind1=" " ind2=" ">
    <subfield code="a">An Undergraduate Technical Feasibility (BSIT major in Automotive Technology) --Cavite State University-CCAT Campus, 2007.</subfield>
  </datafield>
  <datafield tag="504" ind1=" " ind2=" ">
    <subfield code="a">Includes bibliographical references and appendices.</subfield>
  </datafield>
  <datafield tag="546" ind1=" " ind2=" ">
    <subfield code="a">In English text</subfield>
  </datafield>
  <datafield tag="650" ind1=" " ind2="0">
    <subfield code="a">Internal combustion engines</subfield>
    <subfield code="9">17073</subfield>
  </datafield>
  <datafield tag="650" ind1=" " ind2=" ">
    <subfield code="a">Valves</subfield>
    <subfield code="x">Lapping</subfield>
    <subfield code="x">Equipment and supplies.</subfield>
    <subfield code="9">17074</subfield>
  </datafield>
  <datafield tag="650" ind1=" " ind2=" ">
    <subfield code="a">Machine tools</subfield>
    <subfield code="x">Improvisation</subfield>
    <subfield code="x">Design and construction.</subfield>
    <subfield code="9">17075</subfield>
  </datafield>
  <datafield tag="700" ind1=" " ind2=" ">
    <subfield code="a">Delos Santos, Roylan C., author.</subfield>
    <subfield code="9">16104</subfield>
  </datafield>
  <datafield tag="700" ind1=" " ind2=" ">
    <subfield code="a">San Miguel, Esbee B., author.</subfield>
    <subfield code="9">16105</subfield>
  </datafield>
  <datafield tag="700" ind1=" " ind2=" ">
    <subfield code="a">Ventura, Romulo V., adviser.</subfield>
    <subfield code="9">14886</subfield>
  </datafield>
  <datafield tag="942" ind1=" " ind2=" ">
    <subfield code="c">T/M/D</subfield>
    <subfield code="h">TJ1075 </subfield>
    <subfield code="i">T75 2007</subfield>
    <subfield code="k">UM</subfield>
    <subfield code="2">lcc</subfield>
  </datafield>
  <datafield tag="999" ind1=" " ind2=" ">
    <subfield code="c">4138</subfield>
    <subfield code="d">4138</subfield>
  </datafield>
  <datafield tag="952" ind1=" " ind2=" ">
    <subfield code="0">0</subfield>
    <subfield code="1">0</subfield>
    <subfield code="2">lcc</subfield>
    <subfield code="4">0</subfield>
    <subfield code="7">0</subfield>
    <subfield code="8">UM</subfield>
    <subfield code="a">CCATLIB</subfield>
    <subfield code="b">CCATLIB</subfield>
    <subfield code="c">TH</subfield>
    <subfield code="d">2006-08-14</subfield>
    <subfield code="f">UM</subfield>
    <subfield code="o">UM TJ1075 T75 2007</subfield>
    <subfield code="p">T000286</subfield>
    <subfield code="r">2025-04-08 00:00:00</subfield>
    <subfield code="t">1</subfield>
    <subfield code="w">2025-04-08</subfield>
    <subfield code="y">T/M/D</subfield>
  </datafield>
</record>
